|
|
|
|
| LEADER |
00000cam a2200000 7i4500 |
| 001 |
0000285079 |
| 005 |
20210719095711.0 |
| 007 |
t |
| 008 |
210719s2018 my e 0000 may # |
| 020 |
|
|
|a 9789671628355
|
| 040 |
|
|
|a MBPJ
|b eng
|c MBPJ
|e rda
|
| 090 |
0 |
0 |
|a 808.3
|b MOH
|
| 245 |
1 |
0 |
|a Buah Fikiran Memacu Penulisan
|c MOHAMAD BIN HJ. MUSIP
|
| 246 |
3 |
4 |
|a Buah fikiran memacu penulisan
|b Panduan penulisan anekdot & cereka untuk penulis baharu
|
| 264 |
|
1 |
|a Bukit Baru, Melaka :
|b WACANA MBM
|c 2018
|
| 300 |
|
|
|a 80 pages ;
|c 26 cm.
|
| 336 |
|
|
|a text
|2 rdacontent
|
| 337 |
|
|
|a unmediated
|2 rdamedia
|
| 338 |
|
|
|a volume
|2 rdacarrier
|
| 490 |
1 |
|
|a SIRI 2 WACANA BAHASA
|
| 650 |
|
0 |
|a Fiction
|x Authorship
|
| 999 |
|
|
|a 00388042
|b BUKU
|c PINJAMAN
|e PERPUSTAKAAN KOMUNITI CAW KOTA DAMANSARA
|